000 01041nam a2200265Ia 4500
003 OSt
005 20220923211228.0
006 a|||||r|||| 00| 0
007 ta
008 220922b |||||||| |||| 00| 0 hin d
020 _a9788171103751 (hbk)
_c450
024 _a262,711
037 _b105, 04/10/2011, Vidyanidhi Prakashan
_cTextual
040 _aARTS
_cARTS
_bhin
041 _2hin
_ahin
082 _aQ1:g(W94), 152Q1
100 _aमिश्रा, अन्नपूर्णा
245 0 _aवैदिक वाङ्मय में राष्ट्रीय एकता एवम् अखण्डता
246 _aVaidik vānmaya mean rāṣhṭrīya ekatā evam akhaṇḍatā
260 _aदिल्ली
_b परिमल पब्लिकेशन्स
_c2011
300 _a319पृ.
_ccm.
650 _aधर्म
942 _hQ1:g(W94), 152Q1
_cTEXL
_2CC
999 _c297285
_d297285